<?xml version="1.0" encoding="UTF-8"?>
<collection xmlns:xsi="http://www.w3.org/2001/XMLSchema-instance" xsi:schemaLocation="http://www.loc.gov/MARC21/slim http://www.loc.gov/standards/marcxml/schema/MARC21slim.xsd" xmlns="http://www.loc.gov/MARC21/slim">
 <record>
  <leader>00000cab a22000004cb4500</leader>
  <controlfield tag="001">IPP-00000276651</controlfield>
  <controlfield tag="003">IPP</controlfield>
  <controlfield tag="005">20190207154227.0</controlfield>
  <controlfield tag="008">190207s2009    xx     d | ||r |||||eng||</controlfield>
  <datafield tag="041" ind1="#" ind2="#">
   <subfield code="a">eng</subfield>
  </datafield>
  <datafield tag="100" ind1="1" ind2="#">
   <subfield code="a">Cahatian, Purificacion O.</subfield>
  </datafield>
  <datafield tag="245" ind1="1" ind2="0">
   <subfield code="a">Insect fauna in Mt. Apo, Mindanao, Philippines</subfield>
  </datafield>
  <datafield tag="264" ind1="#" ind2="1">
   <subfield code="c">2009</subfield>
  </datafield>
  <datafield tag="300" ind1="#" ind2="#">
   <subfield code="b">illustrations</subfield>
  </datafield>
  <datafield tag="520" ind1="#" ind2="#">
   <subfield code="a">Insects collected in the area comprised 81 families belonging to 14 orders. Order Coleoptera (beetles and weevils) were the most abundant, represented by 17 families. Order Lepidoptera (butterflies, moths and skippers) came close represented by 15 families. The third largest order was Order Homoptera (hoppers) represented by 13 families. This was followed by Order Hymenoptera (bees and wasps) with 8 families. Orders Diptera and Hemiptera were both represented by 7 families each. Order Odonata was represented by 5 families, Order Orthoptera was represented by 4 families and Order Dermaptera was represented by 2 families. Orders Mantodea, Neuroptera, Collembola, Phasmatodea and Blattodea was represented by 1 family each.</subfield>
  </datafield>
  <datafield tag="650" ind1="1" ind2="0">
   <subfield code="a">Insects</subfield>
  </datafield>
  <datafield tag="650" ind1="2" ind2="0">
   <subfield code="a">Mt. Apo--Mindanao (Philippines)</subfield>
  </datafield>
  <datafield tag="650" ind1="2" ind2="0">
   <subfield code="a">Mindanao studies</subfield>
  </datafield>
  <datafield tag="700" ind1="1" ind2="#">
   <subfield code="a">Butardo, Elaine Genevive G.</subfield>
  </datafield>
  <datafield tag="773" ind1="0" ind2="#">
   <subfield code="t">USM R &amp; D Journal</subfield>
   <subfield code="g">Vol. 17, no. 1 (Jan. 2009 - Jun. 2009), 113-121</subfield>
  </datafield>
  <datafield tag="942" ind1="#" ind2="#">
   <subfield code="a">Article</subfield>
  </datafield>
  <datafield tag="950" ind1="#" ind2="#">
   <subfield code="a">FI</subfield>
  </datafield>
 </record>
</collection>
